[Event "34th Leon Blitz Open 2021"]
[Site "chess.com INT"]
[Date "2021.07.07"]
[Round "2"]
[White "Roman, Rodrigo"]
[Black "Szente Varga, Fruzsina"]
[Result "0-1"]
[WhiteTitle "CM"]
[BlackTitle "WFM"]
[WhiteElo "2071"]
[BlackElo "2100"]
[WhiteFideId "3701220"]
[BlackFideId "712264"]
[EventDate "2021.07.07"]

1. Nf3 Nf6 2. g3 g6 3. Bg2 d5 4. O-O Bg7 5. d4 O-O 6. c4 c6 7. cxd5 c5 8. dxc5
Nxd5 9. Qb3 Na6 10. Rd1 Be6 11. Ng5 Nxc5 12. Qa3 Qb6 13. Bxd5 Bxd5 14. Rxd5 Ne6
15. Nf3 Rac8 16. Be3 Qxb2 17. Qxb2 Bxb2 18. Nbd2 Bxa1 19. Kg2 Rfd8 20. Rb5 b6
21. a4 Bg7 22. a5 bxa5 23. Rxa5 Rd7 24. Rxa7 Rxa7 25. Bxa7 Rc2 26. Be3 Bc3 27.
Ne4 Ba5 28. Kf1 Kg7 29. h4 f5 30. Neg5 Nxg5 31. Bxg5 Kf7 32. Ne5+ Ke6 33. Nd3
Bb6 34. h5 Bd4 35. hxg6 hxg6 36. e3 Bf6 37. Bf4 Kf7 38. Be5 Bxe5 39. Nxe5+ Kf6
40. Nd3 e5 41. Ne1 Ra2 42. Nf3 g5 43. Ne1 f4 44. exf4 gxf4 45. gxf4 exf4 46. Kg2
Kf5 47. Kf3 Ra3+ 48. Ke2 Ke4 49. f3+ Ke5 50. Nd3+ Kd4 51. Nxf4 Ra2+ 52. Kd1 Ke3
53. Nd5+ Kxf3 54. Kc1 Rh2 55. Kd1 Ke4 56. Nc3+ Kd3 0-1

[Event "34th Leon Blitz Open 2021"]
[Site "chess.com INT"]
[Date "2021.07.07"]
[Round "2"]
[White "Maly, Alexey"]
[Black "Mikhnenko, Alexander"]
[Result "1/2-1/2"]
[WhiteTitle "IM"]
[BlackTitle "CM"]
[WhiteElo "2370"]
[BlackElo "2065"]
[WhiteFideId "14103184"]
[BlackFideId "34143014"]
[EventDate "2021.07.07"]

1. d4 Nf6 2. c4 e6 3. Nf3 a6 4. e3 d5 5. Nbd2 c6 6. Bd3 Bb4 7. O-O O-O 8. b3
Bxd2 9. Qxd2 Qe7 10. a4 Nbd7 11. Ba3 c5 12. cxd5 exd5 13. dxc5 Nxc5 14. Qb4 Nfd7
15. Bf5 Qf6 16. Bxd7 Nxd7 17. Rad1 Qf5 18. Qd6 Re8 19. Rxd5 Qe6 20. Qxe6 Rxe6
21. Rfd1 h6 22. Rxd7 Bxd7 23. Rxd7 Rc8 24. Rxb7 Rc2 25. h3 Ra2 26. Bc5 Rc6 27.
b4 Rxa4 28. Ne5 Rf6 29. Nd7 Ra1+ 30. Kh2 Rxf2 31. Rb8+ Kh7 32. Nf8+ Kg8 33. Ne6+
Kh7 34. Nf8+ Kg8 35. Ng6+ Kh7 36. Nf4 g5 37. Nd3 Rd2 38. Ne5 Raa2 39. Kg3 Rxg2+
40. Kf3 f5 41. Rb7+ Kg8 42. Rb8+ Kh7 43. Rb7+ Kg8 44. e4 f4 45. Rb8+ Kh7 46.
Rb7+ Kg8 47. Rb8+ Kh7 48. Rb7+ Kg8 1/2-1/2

[Event "34th Leon Blitz Open 2021"]
[Site "chess.com INT"]
[Date "2021.07.07"]
[Round "2"]
[White "Arias, Juan Cruz"]
[Black "Navarro Segura, Roberto"]
[Result "1-0"]
[WhiteTitle "CM"]
[BlackTitle "IM"]
[WhiteElo "2277"]
[BlackElo "2123"]
[WhiteFideId "118540"]
[BlackFideId "5100364"]
[EventDate "2021.07.07"]

1. e4 e5 2. Nf3 Nc6 3. Bc4 Bc5 4. c3 Nf6 5. d3 d6 6. Bb3 h6 7. Nbd2 Be6 8. Nc4
a5 9. Ne3 O-O 10. O-O Re8 11. Re1 d5 12. exd5 Nxd5 13. Nc4 f6 14. Ba4 Re7 15.
Bd2 Bg4 16. h3 Bh5 17. g4 Bg6 18. Bc1 Kh8 19. Nh4 Bh7 20. Qf3 Na7 21. Nxa5 b5
22. Nb7 Qd7 23. Nxc5 Qc6 24. Bb3 Qxc5 25. Qxd5 Qb6 26. Be3 Qb8 27. Nf5 Bxf5 28.
gxf5 Qc8 29. Bxa7 Rxa7 30. Qc5 c6 31. Be6 Qe8 32. d4 Qh5 33. dxe5 fxe5 34. Qxe5
Qxh3 35. Qg3 Qh5 36. a3 Ra4 37. c4 bxc4 38. Rad1 c3 39. Rd8+ Kh7 40. Bg8+ Kh8
41. Bf7+ Kh7 42. Qg6+ 1-0

[Event "34th Leon Blitz Open 2021"]
[Site "chess.com INT"]
[Date "2021.07.07"]
[Round "2"]
[White "Vitenberg, Noam Aviv"]
[Black "Lobanov, Sergei"]
[Result "1-0"]
[WhiteTitle "FM"]
[BlackTitle "IM"]
[WhiteElo "2315"]
[BlackElo "2514"]
[WhiteFideId "1532138"]
[BlackFideId "24183750"]
[EventDate "2021.07.07"]

1. d4 Nf6 2. c4 e6 3. Nf3 d5 4. Nc3 Bb4 5. Qa4+ Nc6 6. e3 O-O 7. Bd2 Re8 8. Rd1
a6 9. a3 Bf8 10. h3 Bd7 11. Qc2 dxc4 12. Bxc4 b5 13. Bb3 b4 14. Nb1 bxa3 15.
bxa3 Na7 16. O-O c5 17. Ne5 cxd4 18. exd4 Nb5 19. Bg5 Be7 20. a4 Nd6 21. Nc3 Rc8
22. Qd3 h6 23. Bxf6 Bxf6 24. Bc2 g6 25. Nxg6 fxg6 26. Qxg6+ Bg7 27. Qh7+ Kf8 28.
Rd3 Bc6 29. Rg3 Qe7 30. d5 Bxd5 31. Nxd5 exd5 32. Rf3+ Nf7 33. Bg6 Bf6 34. Rd1
Rc7 35. Rxd5 Qe1+ 36. Kh2 Re5 37. Rxf6 Rxd5 38. Rxf7+ 1-0

[Event "34th Leon Blitz Open 2021"]
[Site "chess.com INT"]
[Date "2021.07.07"]
[Round "2"]
[White "Castillo Pena, Patricia Evarista"]
[Black "Glek, Igor"]
[Result "0-1"]
[WhiteTitle "WCM"]
[BlackTitle "GM"]
[WhiteElo "1794"]
[BlackElo "2476"]
[WhiteFideId "6412106"]
[BlackFideId "4100484"]
[EventDate "2021.07.07"]

1. d4 e6 2. Nf3 f5 3. e3 Nf6 4. Bd3 d5 5. b3 Bd6 6. Bb2 O-O 7. O-O Bd7 8. Nbd2
Be8 9. Ne5 Nbd7 10. f4 Bh5 11. Ndf3 c5 12. c4 cxd4 13. exd4 Ne4 14. Rc1 Rc8 15.
Qe2 Nxe5 16. fxe5 Be7 17. cxd5 exd5 18. Rxc8 Qxc8 19. Qc2 Qxc2 20. Bxc2 Rc8 21.
Bd3 a6 22. e6 Rc6 23. Ne5 Rxe6 24. Rxf5 Bg6 25. Rf1 Rxe5 26. dxe5 Bc5+ 27. Kh1
Nf2+ 28. Rxf2 Bxf2 29. Bxg6 hxg6 30. g3 Kf7 31. Kg2 Bc5 32. Kf3 Ke6 33. h4 Ba7
34. Kf4 Bb8 35. Bd4 Bc7 36. a4 b5 37. axb5 axb5 38. g4 Bd8 39. g5 Ba5 40. Kg4
Bd2 41. h5 gxh5+ 42. Kxh5 Kf5 43. g6 Ke6 44. Kg4 b4 45. Kh5 Bc3 46. Bc5 d4 47.
Kg4 d3 48. Kf3 Kxe5 49. Ke3 d2 50. Ke2 Kf5 51. Kd1 Kxg6 52. Be3 Kf5 53. Bg1 g5
54. Bh2 g4 55. Bg3 Ke4 56. Bh4 Kf3 57. Kc2 Ke2 0-1

[Event "34th Leon Blitz Open 2021"]
[Site "chess.com INT"]
[Date "2021.07.07"]
[Round "2"]
[White "Khanin, Semen"]
[Black "Martinez Alcantara, Jose Eduardo"]
[Result "1/2-1/2"]
[WhiteTitle "IM"]
[BlackTitle "GM"]
[WhiteElo "2517"]
[BlackElo "2620"]
[WhiteFideId "4111990"]
[BlackFideId "3805662"]
[EventDate "2021.07.07"]

1. e4 c5 2. Nf3 d6 3. d4 cxd4 4. Nxd4 Nf6 5. Nc3 a6 6. f4 e5 7. Nb3 Nc6 8. Be2
Be7 9. O-O O-O 10. a4 Re8 11. Kh1 h6 12. Bf3 exf4 13. Bxf4 Ne5 14. Nd4 Be6 15.
Nd5 Bxd5 16. exd5 Bf8 17. b3 g6 18. Qd2 Kh7 19. c4 Bg7 20. Rae1 Nfd7 21. Be4 Qb6
22. Be3 Qd8 23. Bc2 Rc8 24. h3 Qh4 25. Rf4 Qd8 26. Ref1 Nf6 27. Qf2 Ned7 28. Rh4
Qe7 29. Nf5 gxf5 30. Bxh6 Bxh6 31. Qxf5+ Kg7 32. Rxh6 Kxh6 33. Qf4+ Kg7 34. Qg5+
Kh8 35. Qh6+ Kg8 36. Qg5+ Kf8 37. Qh6+ Kg8 38. Qg5+ Kf8 39. Qh6+ Kg8 1/2-1/2

[Event "34th Leon Blitz Open 2021"]
[Site "chess.com INT"]
[Date "2021.07.07"]
[Round "2"]
[White "Saravana, Krishnan P."]
[Black "Wiwatanadate, Poompong"]
[Result "1-0"]
[WhiteTitle "IM"]
[BlackTitle "FM"]
[WhiteElo "2312"]
[BlackElo "2043"]
[WhiteFideId "5018382"]
[BlackFideId "6201083"]
[EventDate "2021.07.07"]

1. e4 c5 2. Nf3 e6 3. g3 Nc6 4. Bg2 Qc7 5. O-O Nf6 6. Re1 d6 7. c3 Be7 8. d4
cxd4 9. cxd4 d5 10. e5 Ne4 11. Nbd2 Nxd2 12. Bxd2 O-O 13. Rc1 Qb6 14. Bc3 a5 15.
h4 a4 16. Bf1 Bd7 17. Bd3 Nb4 18. Bb1 f6 19. a3 Nc6 20. exf6 Rxf6 21. Ng5 Rh6
22. Qd3 Bxg5 23. hxg5 Rh5 24. f4 Ne7 25. g4 Rh4 26. Qg3 Ng6 27. Bxg6 hxg6 28.
Qxh4 Rf8 29. Re3 Rxf4 30. Rf1 Rxf1+ 31. Kxf1 Qb5+ 32. Kg1 Qb3 33. Qf2 Qd1+ 34.
Be1 Qxg4+ 35. Rg3 Qe4 36. Rf3 Qg4+ 37. Kh2 Qh5+ 38. Kg2 Qxg5+ 39. Qg3 Qc1 40.
Qb8+ Bc8 41. Qf4 Qxf4 42. Rxf4 Bd7 43. Bh4 Bb5 44. Kf2 Bd3 45. Ke3 Be4 46. Rf1
b5 47. Rc1 Kh7 48. Bg3 Kh6 49. Be5 Kg5 50. Rg1+ Kf5 51. Bxg7 g5 52. Be5 g4 53.
Rf1+ Kg5 54. Rc1 Kh4 55. Rc5 g3 56. Rxb5 g2 57. Kf2 Kg4 58. Rb8 Kf5 59. Rf8+ Kg6
60. Rg8+ Kf7 61. Rxg2 Bxg2 62. Kxg2 Ke7 63. Kf2 Kd7 64. Ke2 Kc6 65. Kd2 Kb5 66.
Kc3 Ka5 67. Bc7+ Kb5 68. Bd8 Kc6 69. Kb4 1-0

[Event "34th Leon Blitz Open 2021"]
[Site "chess.com INT"]
[Date "2021.07.07"]
[Round "2"]
[White "Agrest, Inna"]
[Black "Dushyant, Sharma"]
[Result "0-1"]
[WhiteTitle "WIM"]
[BlackTitle "FM"]
[WhiteElo "2276"]
[BlackElo "2270"]
[WhiteFideId "1708830"]
[BlackFideId "25065130"]
[EventDate "2021.07.07"]

1. e4 d5 2. exd5 Nf6 3. d4 Bg4 4. f3 Bf5 5. Bb5+ c6 6. dxc6 Nxc6 7. Ne2 e6 8.
O-O Bd6 9. Nbc3 h6 10. Qe1 O-O 11. Qh4 Bxc2 12. Kh1 Rc8 13. Be3 Ne7 14. Ne4 Bxe4
15. fxe4 Ng6 16. Qh3 Nxe4 17. Bd3 Ng5 18. Qh5 Nh7 19. Bxg6 fxg6 20. Qxg6 Rf6 21.
Qe4 Qe7 22. Nf4 Ng5 23. Qd3 Qf7 24. g3 Rf8 25. Kg2 e5 26. dxe5 Bxe5 27. Rab1
Qxa2 28. Nh5 Rxf1 29. Rxf1 Qxb2+ 30. Rf2 Rxf2+ 31. Bxf2 Qb4 32. Qd5+ Nf7 33. Qe6
Qd6 34. Qf5 Qc6+ 35. Kg1 Qc1+ 36. Kg2 Qg5 37. Qc8+ Kh7 38. Qd7 Qxh5 39. Qd3+ Qg6
40. Qd7 Qc6+ 41. Qxc6 bxc6 0-1

[Event "34th Leon Blitz Open 2021"]
[Site "chess.com INT"]
[Date "2021.07.07"]
[Round "2"]
[White "Dhulipalla, Bala Chandra Prasad"]
[Black "Almeida Junior, Alvaro Alves de"]
[Result "1-0"]
[WhiteTitle "IM"]
[WhiteElo "2425"]
[BlackElo "2132"]
[WhiteFideId "25005812"]
[BlackFideId "2149974"]
[EventDate "2021.07.07"]

1. d4 Nf6 2. Bf4 d5 3. e3 c5 4. c3 Nc6 5. Nd2 Qb6 6. Qb3 c4 7. Qc2 Bg4 8. e4 e6
9. Ne2 Bh5 10. Bg5 Be7 11. Nf4 Bg6 12. Nxg6 hxg6 13. Be2 Qc7 14. exd5 exd5 15.
g3 b5 16. O-O O-O 17. Bf3 Qd7 18. Rfe1 Rfe8 19. Nf1 a5 20. Ne3 Ne4 21. Bxe7 Rxe7
22. Nxd5 Qxd5 23. Rxe4 Rxe4 24. Qxe4 Qxe4 25. Bxe4 Rc8 26. Re1 b4 27. Bxc6 Rxc6
28. Re8+ Kh7 29. Ra8 bxc3 30. bxc3 Rb6 31. Rxa5 Rb1+ 32. Kg2 Rc1 33. Ra3 g5 34.
d5 Rd1 35. Ra4 Rd3 36. Rxc4 Rxd5 37. a4 Kg6 38. Rb4 f6 39. Rb5 Rd3 40. Rc5 Rd2
41. Rc7 Ra2 42. Rc4 Ra3 43. Kf3 f5 44. h3 Kh6 45. Ke3 g6 46. Kd3 Ra2 47. Ke3 Ra3
48. Kd4 Ra2 49. Kc5 Rxf2 50. Kb6 f4 51. gxf4 gxf4 52. a5 Rb2+ 53. Kc6 f3 54. Rf4
f2 55. a6 Rc2 56. Kb5 Kg5 57. Rf3 Rxc3 58. Rxf2 Rxh3 59. Ra2 Rh8 60. a7 Ra8 61.
Kb6 Kh4 62. Kb7 Rxa7+ 63. Kxa7 g5 64. Kb6 g4 65. Kc5 g3 66. Kd4 Kh3 67. Ke3 g2
68. Kf2 Kh2 69. Ra1 1-0

[Event "34th Leon Blitz Open 2021"]
[Site "chess.com INT"]
[Date "2021.07.07"]
[Round "2"]
[White "Smirnov, Alexandr A."]
[Black "Popilski, Gil"]
[Result "1/2-1/2"]
[WhiteTitle "FM"]
[BlackTitle "GM"]
[WhiteElo "2136"]
[BlackElo "2464"]
[WhiteFideId "24104396"]
[BlackFideId "2809060"]
[EventDate "2021.07.07"]

1. e4 e6 2. d4 d5 3. Nc3 Bb4 4. e5 c5 5. a3 Bxc3+ 6. bxc3 Ne7 7. Qg4 O-O 8. h4
Qc7 9. Bh6 Nf5 10. Bd2 cxd4 11. cxd4 Qxc2 12. h5 Qb2 13. Rd1 Qxd4 14. f4 Ne3 15.
Bxe3 Qxe3+ 16. Be2 h6 17. Nf3 Bd7 18. Rh3 Bb5 19. Nd4 Bxe2 20. Nxe2 Qe4 21. Rg3
Qh7 22. Nd4 Nd7 23. Nb5 Nc5 24. Nd6 Ne4 25. Nxe4 Qxe4+ 26. Kf2 Qh7 27. f5 Qxf5+
28. Qxf5 exf5 29. Rxd5 Rad8 30. Rgd3 Rxd5 31. Rxd5 Rc8 32. Rd7 Rc3 33. Rxb7 Rxa3
34. Rb8+ Kh7 35. Rf8 Ra5 36. Rxf7 Rxe5 37. Rxa7 Kg8 38. Kf3 f4 39. Kxf4 Rxh5 40.
g4 Rb5 41. Ra4 Kf7 42. Ra7+ Kg6 43. Ra6+ Kh7 44. Ra4 Rb6 45. Rc4 Kg6 46. Ra4
Rf6+ 47. Kg3 Rc6 48. Kh4 Kf6 49. Rf4+ Ke5 50. Ra4 Rf6 51. g5 1/2-1/2

[Event "34th Leon Blitz Open 2021"]
[Site "chess.com INT"]
[Date "2021.07.07"]
[Round "2"]
[White "Larino Nieto, David"]
[Black "Pham, Le Thao Nguyen"]
[Result "1-0"]
[WhiteTitle "GM"]
[BlackTitle "IM"]
[WhiteElo "2455"]
[BlackElo "2369"]
[WhiteFideId "2256444"]
[BlackFideId "12401226"]
[EventDate "2021.07.07"]

1. Nf3 d5 2. b3 c6 3. Bb2 Bf5 4. d3 e6 5. Nbd2 Nf6 6. g3 h6 7. Bg2 Bc5 8. O-O
O-O 9. a3 a5 10. Ne5 Nbd7 11. Nxd7 Nxd7 12. e4 Bh7 13. Qe2 Re8 14. h4 Bd6 15. e5
Bf8 16. f4 a4 17. b4 Qb6+ 18. d4 Bxc2 19. Nc4 Qa6 20. Qxc2 Qxc4 21. Qd2 f5 22.
Rf3 h5 23. Bf1 Qb3 24. Rxb3 axb3 25. Qc3 g6 26. Qxb3 b5 27. a4 bxa4 28. Rxa4 Nb6
29. Ra5 Rab8 30. Bc3 Rec8 31. Qa2 Rc7 32. Kg2 Nd7 33. Ra7 Rbb7 34. Rxb7 Rxb7 35.
Qa6 Rc7 36. Be2 Kf7 37. Bd1 Be7 38. Ba4 Bd8 39. Be1 Ke7 40. b5 cxb5 41. Bxb5
Rc2+ 42. Kh3 Nb6 43. Bb4+ Kf7 44. Qb7+ Bc7 45. Bd6 1-0

[Event "34th Leon Blitz Open 2021"]
[Site "chess.com INT"]
[Date "2021.07.07"]
[Round "2"]
[White "Filip, Lucian-Ioan"]
[Black "Topalov, Aleksandar"]
[Result "1/2-1/2"]
[WhiteTitle "IM"]
[BlackTitle "CM"]
[WhiteElo "2431"]
[BlackElo "2260"]
[WhiteFideId "1208900"]
[BlackFideId "925659"]
[EventDate "2021.07.07"]

1. Nf3 Nf6 2. c4 c5 3. Nc3 Nc6 4. d4 cxd4 5. Nxd4 g6 6. e4 Bg7 7. Be3 O-O 8. Be2
Nxd4 9. Bxd4 d6 10. O-O Bd7 11. Qd2 Bc6 12. f3 Nd7 13. Be3 a5 14. b3 Nc5 15.
Rab1 Qb6 16. Rfc1 Rfc8 17. Rc2 Qb4 18. Qc1 Qb6 19. Kh1 Qd8 20. a3 b6 21. Bf1 f5
22. b4 axb4 23. axb4 Nd7 24. Nd5 fxe4 25. fxe4 Bxd5 26. exd5 Ne5 27. Qd1 Ra3 28.
Bg1 Qc7 29. h3 Rf8 30. c5 dxc5 31. bxc5 bxc5 32. Bxc5 Raa8 33. Qe2 Rfc8 34. Rbc1
Qd7 35. Qd2 Rab8 36. Bg1 Rxc2 37. Rxc2 Rc8 38. Rxc8+ Qxc8 39. d6 exd6 40. Qxd6
Kh8 41. Bd4 Qe8 42. Be2 Nf7 43. Bxg7+ Kxg7 44. Qd4+ Qe5 45. Qxe5+ Nxe5 46. Kg1
Kf6 47. Kf2 g5 48. g3 h6 49. h4 gxh4 50. gxh4 Ng6 51. Kg3 Nxh4 52. Kxh4 1/2-1/2

[Event "34th Leon Blitz Open 2021"]
[Site "chess.com INT"]
[Date "2021.07.07"]
[Round "2"]
[White "Valle Maytin, Luis Enrique"]
[Black "Golubev, Mikhail"]
[Result "0-1"]
[WhiteTitle "FM"]
[BlackTitle "GM"]
[WhiteElo "2284"]
[BlackElo "2461"]
[WhiteFideId "3503666"]
[BlackFideId "14100983"]
[EventDate "2021.07.07"]

1. e4 c5 2. Nf3 d6 3. d4 Nf6 4. dxc5 Nxe4 5. cxd6 Nc6 6. Bd3 Nxd6 7. Nc3 g6 8.
Bf4 Bg7 9. O-O O-O 10. Re1 Bf5 11. Bxd6 Qxd6 12. Bxf5 Qxd1 13. Nxd1 gxf5 14. c3
e6 15. Ne3 Rfd8 16. Rad1 Kf8 17. Kf1 b5 18. a3 a5 19. Rxd8+ Rxd8 20. Rd1 Rc8 21.
Ke2 b4 22. axb4 axb4 23. Nd4 Nxd4+ 24. cxd4 f4 25. Nf1 Rd8 26. b3 Bxd4 27. Nd2
Ke7 28. Nc4 e5 29. f3 Ra8 30. Rd2 Ke6 31. Kd3 f5 32. h3 Ra1 33. Ke2 Rg1 34. Kd3
Kd5 35. Re2 Rb1 36. Kc2 Ra1 37. Kd3 Rc1 38. Rc2 e4+ 39. Kd2 Rg1 40. Ke2 Rxg2+
41. Kd1 Rg1+ 42. Ke2 Rg2+ 43. Kd1 exf3 44. Nd2 Rg1+ 45. Nf1 Rxf1+ 46. Kd2 Rf2+
47. Kd3 Rxc2 48. Kxc2 f2 49. h4 f1=Q 50. h5 Qe2+ 51. Kb1 0-1

[Event "34th Leon Blitz Open 2021"]
[Site "chess.com INT"]
[Date "2021.07.07"]
[Round "2"]
[White "Kamsky, Gata"]
[Black "Leiva, Giuseppe"]
[Result "1-0"]
[WhiteTitle "GM"]
[BlackTitle "IM"]
[WhiteElo "2658"]
[BlackElo "2391"]
[WhiteFideId "2000024"]
[BlackFideId "3804399"]
[EventDate "2021.07.07"]

1. d4 Nf6 2. Nf3 e6 3. Bf4 Be7 4. h3 O-O 5. e3 b6 6. Nbd2 d5 7. c3 Ba6 8. Bxa6
Nxa6 9. Ne5 Nb8 10. O-O Qc8 11. Bg5 Re8 12. f4 Nbd7 13. Qf3 Qb7 14. Rae1 Ne4 15.
Nxe4 dxe4 16. Qh5 Nxe5 17. fxe5 g6 18. Qh4 Bxg5 19. Qxg5 c5 20. Rf4 Rac8 21.
Ref1 Rc7 22. Rh4 f5 23. exf6 Qd5 24. Qf4 e5 25. dxe5 Rxe5 26. c4 Qe6 27. f7+
Rxf7 28. Qxf7+ Qxf7 29. Rxf7 Kxf7 30. Rxh7+ Kf6 31. Rxa7 Re6 32. Rd7 Rc6 33. a4
Ke5 34. Kf2 Rf6+ 35. Ke2 Rf8 36. b3 Rf6 37. Re7+ Kf5 38. Kf2 Rd6 39. g4+ Kf6 40.
Rxe4 Rd3 41. h4 Rxb3 42. g5+ Kf5 43. Rf4+ Ke5 44. Rf6 Ke4 45. Rxg6 Rb2+ 46. Kg3
Kxe3 47. h5 Ke4 48. Rf6 Rb3+ 49. Kg4 Rb1 50. h6 Rh1 51. Rf7 Ke5 52. h7 Ke6 53.
g6 Rg1+ 54. Kh5 Rh1+ 55. Kg5 Rg1+ 56. Kh6 Rh1+ 57. Kg7 1-0

[Event "34th Leon Blitz Open 2021"]
[Site "chess.com INT"]
[Date "2021.07.07"]
[Round "2"]
[White "Senlle Caride, Miguel"]
[Black "Lysyj, Igor"]
[Result "0-1"]
[WhiteTitle "FM"]
[BlackTitle "GM"]
[WhiteElo "2354"]
[BlackElo "2605"]
[WhiteFideId "2282500"]
[BlackFideId "4150120"]
[EventDate "2021.07.07"]

1. e4 e5 2. Nf3 Nc6 3. Bb5 a6 4. Ba4 Nf6 5. O-O Bc5 6. Nxe5 Nxe5 7. d4 b5 8.
dxe5 Nxe4 9. Bb3 Qh4 10. Qf3 Bb7 11. Qxf7+ Kd8 12. Qf4 Qxf4 13. Bxf4 Rf8 14. Be3
Bxe3 15. fxe3 Rxf1+ 16. Kxf1 Ke7 17. Nc3 Rf8+ 18. Kg1 Nxc3 19. bxc3 c5 20. c4 b4
21. a3 a5 22. axb4 axb4 23. Ra5 Rc8 24. Kf2 Ke6 25. Ba4 Rc7 26. g3 Kxe5 27. Ra7
Kd6 28. Bb5 Be4 29. Ra6+ Ke5 30. Ba4 d6 31. h4 h6 32. Bb3 Rf7+ 33. Ke2 Rf3 34.
Ra7 Rxg3 35. Re7+ Kf5 36. Ba4 Rg2+ 37. Kf1 Bf3 38. Rf7+ Kg4 39. Rf4+ Kg3 40.
Rxf3+ Kxf3 41. Bc6+ Kxe3 42. Kxg2 Kd2 43. Be4 Kc3 44. Kf3 Kxc4 45. Kf4 d5 46.
Bd3+ Kc3 47. Ke5 c4 48. Bf5 d4 49. h5 d3 50. cxd3 cxd3 51. Ke6 d2 52. Bg4 b3 53.
Kf7 b2 0-1

[Event "34th Leon Blitz Open 2021"]
[Site "chess.com INT"]
[Date "2021.07.07"]
[Round "2"]
[White "Musovic, Armin"]
[Black "Sviridova, Vlada"]
[Result "1-0"]
[WhiteTitle "FM"]
[BlackTitle "WFM"]
[WhiteElo "2282"]
[BlackElo "2144"]
[WhiteFideId "939935"]
[BlackFideId "24109606"]
[EventDate "2021.07.07"]

1. a3 d5 2. Nc3 d4 3. Ne4 Bf5 4. Ng3 Bg6 5. e4 dxe3 6. fxe3 e5 7. Bc4 Nf6 8. d3
Bc5 9. Nf3 Nbd7 10. d4 Bd6 11. O-O O-O 12. c3 c6 13. Nh4 exd4 14. exd4 Bxg3 15.
hxg3 Nh5 16. Qg4 Ndf6 17. Qg5 Qd6 18. Bf4 Nxf4 19. gxf4 Ne4 20. Qe5 Qxe5 21.
fxe5 Nd2 22. Ba2 Nxf1 23. Rxf1 Kh8 24. Rf3 Be4 25. Rxf7 Rxf7 26. Bxf7 Bd5 27.
Bxd5 cxd5 28. Nf5 Rd8 29. Nd6 Kg8 30. Kf2 Kf8 31. Ke3 Ke7 32. b4 b6 33. a4 g6
34. Kd3 Ke6 35. a5 bxa5 36. Nb7 Rf8 37. Nc5+ Ke7 38. bxa5 Rf2 39. g4 Rg2 40. c4
Rg3+ 41. Kc2 dxc4 42. d5 Rxg4 43. Kc3 h5 44. d6+ Ke8 45. e6 h4 46. d7+ Ke7 47.
Nb7 Rg3+ 48. Kxc4 Rg4+ 49. Kc5 Rg5+ 50. Kc6 Kxe6 51. d8=Q Kf5 52. Nd6+ Kg4 53.
Ne4 Rf5 54. Nd6 Rg5 55. Nf7 Rh5 56. Qd4+ Kg3 57. Qe3+ Kg2 58. Qe2+ Kg3 59. Ne5
h3 60. Qf3+ Kh2 61. Qf2+ Kh1 62. Ng4 1-0

[Event "34th Leon Blitz Open 2021"]
[Site "chess.com INT"]
[Date "2021.07.07"]
[Round "2"]
[White "Nguyen, Ngoc Truong Son"]
[Black "Araujo Sanchez, Josue"]
[Result "1-0"]
[WhiteTitle "GM"]
[BlackTitle "IM"]
[WhiteElo "2641"]
[BlackElo "2310"]
[WhiteFideId "12401110"]
[BlackFideId "6416896"]
[EventDate "2021.07.07"]

1. d4 Nf6 2. Nf3 e6 3. Bf4 b6 4. e3 Bb7 5. Nbd2 Be7 6. Bd3 Nh5 7. Bg3 d6 8. c3
Nd7 9. Qc2 g6 10. Be4 Qc8 11. Bxb7 Qxb7 12. Bh4 Bf8 13. O-O-O Ng7 14. e4 c5 15.
Kb1 Rc8 16. Qd3 h6 17. g4 b5 18. Bg3 Be7 19. h4 h5 20. g5 c4 21. Qc2 Nb6 22. d5
O-O 23. e5 Nxd5 24. exd6 Bd8 25. Ne4 Nf5 26. Be5 a5 27. Nd4 Nxd4 28. Rxd4 b4 29.
Rhd1 bxc3 30. Nxc3 Nb4 31. Qe4 Qa6 32. d7 Rc6 33. Rd6 Rxd6 34. Bxd6 Nd3 35. Bxf8
Kxf8 36. Qd4 Kg8 37. b3 Qb7 38. Qxc4 Nxf2 39. Qc8 Qb6 40. Rd2 Ng4 41. Kb2 Kg7
42. Na4 Qe3 43. Qc3+ Qxc3+ 44. Nxc3 Kf8 45. Ne4 Ke7 46. Kc3 Ne5 47. Nc5 Bb6 48.
b4 axb4+ 49. Kxb4 Bxc5+ 50. Kxc5 Nxd7+ 51. Kb5 Ne5 52. a4 Nf3 53. Rd1 Nxh4 54.
a5 Ng2 55. a6 Ne3 56. Rd3 Nd5 57. Rxd5 exd5 58. a7 d4 59. a8=Q d3 60. Qe4+ 1-0

[Event "34th Leon Blitz Open 2021"]
[Site "chess.com INT"]
[Date "2021.07.07"]
[Round "2"]
[White "Silva Lucena, Cristian"]
[Black "Vazquez, Facundo"]
[Result "1/2-1/2"]
[WhiteTitle "FM"]
[BlackTitle "CM"]
[WhiteElo "2238"]
[BlackElo "2199"]
[WhiteFideId "2232588"]
[BlackFideId "3007669"]
[EventDate "2021.07.07"]

1. c4 Nf6 2. Nf3 g6 3. b3 Bg7 4. Bb2 O-O 5. g3 d6 6. d4 e5 7. dxe5 Ng4 8. h3
Nxe5 9. Nxe5 dxe5 10. Qxd8 Rxd8 11. Nc3 e4 12. Bg2 e3 13. fxe3 Be5 14. Kf2 Rd2
15. Rad1 Rxb2 16. Rd8+ Kg7 17. Rxc8 Bxc3 18. Bxb7 Nd7 19. Bxa8 Be5 20. Rd1 Nf6
21. Bf3 Rxa2 22. g4 h6 23. Ra8 Rb2 24. Rxa7 Rxb3 25. Ra5 Bd6 26. h4 Rc3 27. g5
hxg5 28. hxg5 Nd7 29. Rd4 Ne5 30. Bd5 f5 31. gxf6+ Kxf6 32. Rf4+ Kg5 33. Re4 Kf6
34. Ra6 Kg5 35. Ra8 Ng4+ 36. Kf3 Ne5+ 37. Kg2 Ng4 38. Rae8 Nf6 39. R8e5+ Bxe5
40. Rxe5+ Kg4 41. Kf2 Kh4 42. Re6 Kg5 43. e4 Ng4+ 44. Ke1 Rc2 45. Re7 Kf4 46.
Kf1 Ke3 47. Kg2 Kf4 48. Rf7+ Kg5 49. Kf3 Ne5+ 50. Ke3 Nxf7 51. Bxf7 c5 52. e5
Ra2 53. e6 Kf6 54. Ke4 Ra7 55. Kd5 Ra2 56. e4 Ra5 57. Kd6 Ra6+ 58. Kxc5 g5 59.
Kd4 g4 60. Ke3 Ra1 61. Kf4 Rg1 62. c5 Ke7 63. c6 Rc1 64. Kxg4 Rxc6 65. Kf5 Rc5+
66. Kf4 Ra5 67. e5 Ra1 68. Kf5 Rf1+ 69. Ke4 Rf2 70. Ke3 Rf5 71. Ke4 Rf1 72. Kd5
Re1 73. Kd4 Re2 74. Kd5 Ra2 75. Ke4 Ra5 76. Kf5 Ra8 77. Kg6 Rc8 78. Kf5 Rc2 79.
Ke4 Rc3 80. Kd4 Ra3 81. Ke4 Rh3 82. Kf4 Rh1 83. Kf5 Rc1 84. Ke4 Ra1 85. Kd4 1/2-1/2

[Event "34th Leon Blitz Open 2021"]
[Site "chess.com INT"]
[Date "2021.07.07"]
[Round "2"]
[White "Necula, Iulian"]
[Black "Vovk, Orest"]
[Result "1-0"]
[BlackTitle "FM"]
[WhiteElo "1890"]
[BlackElo "2315"]
[WhiteFideId "1232380"]
[BlackFideId "14113490"]
[EventDate "2021.07.07"]

1. c4 g5 2. Nc3 Bg7 3. g3 h6 4. Bg2 g4 5. e3 c5 6. Qxg4 Bxc3 7. bxc3 Nf6 8. Qe2
d6 9. Nf3 Nc6 10. O-O Bf5 11. Nh4 Bg4 12. f3 Be6 13. d4 Na5 14. d5 Bd7 15. e4 e5
16. Nf5 Bxf5 17. exf5 Qd7 18. f4 e4 19. Bxe4 O-O-O 20. Bd3 Rde8 21. Qf2 Ne4 22.
Qf3 Nxc3 23. Bb2 Na4 24. Bxh8 Rxh8 25. f6 Nb2 26. Rae1 Rg8 27. Re7 Qh3 28. Rxf7
Naxc4 29. Bxc4 Nxc4 30. Rg7 Rf8 31. f7 Kc7 32. Re1 Qd7 33. Qh5 Nd2 34. Kg2 c4
35. Qe2 c3 36. Qe7 c2 37. Qxd7+ Kxd7 38. Rc1 Nc4 39. Kf3 Na3 40. g4 b5 41. Ke3
b4 42. Kd2 a5 43. g5 hxg5 44. fxg5 Rh8 45. h4 Ke7 46. g6 Rxh4 47. Rg8 Rf4 48.
Ke3 Rf5 49. Re8+ Kd7 50. f8=Q Rxf8 51. Rxf8 a4 52. g7 b3 53. axb3 Kc7 54. g8=Q
axb3 55. Qf7+ Kb6 56. Rb8+ Kc5 57. Qc7+ Kxd5 58. Rxb3 Nc4+ 59. Kd3 Ne5+ 60. Kxc2
Ke6 61. Re1 Kd5 62. Rxe5+ Kxe5 63. Rd3 Ke4 64. Qxd6 Kf5 65. Rd5+ Ke4 66. Qe5+
Kf3 67. Rd3+ Kf2 68. Qe3+ Kf1 69. Rd1+ Kg2 70. Rd2+ Kh1 71. Qe1# 1-0